000 00591nam a2200229Ia 4500
003 OSt
005 20220928105006.0
006 a|||||r|||| 00| 0
007 ta
008 220927b |||||||| |||| 00| 0 eng d
024 _a60298
037 _cTextual
040 _aSDCL
_cSDCL
_beng
041 _2eng
_aeng
082 _aO142,3N172,1, P2
100 _aRashidov Sharaf
_9413223
245 0 _aVijeta.
260 _aDelhi
_bRajkamal Prakashan
_c2002
300 _a322p
_ccm.
942 _hO142,3N172,1, P2
_cTEXL
_2CC
999 _c728988
_d728988